000 00939nam a2200277Ia 4500
001 Para_2406
003 CHAP
008 220125s1989 xx 000 0 und d
010 _a200940
040 _cCHAP
090 _aPA TESIS 522
100 _aFlores Arango, Oscar
_941433
245 _aLarva y pupa de Tabanus morbasus Stone (Diptera :
_b Tabanidae), colectada en Huitzo, Oaxaca, México /
_c por Oscar Flores Arango
260 _aChapingo, Méx. :
_b El autor
300 _a57 h.
502 _aTesis (Ing. Agr. Esp. en Parasitología Agrícola) -- UACh. Departamento de Parasitología Agrícola
650 _aTabano Ganado
_x Plagas Tabanus morbosus
_9165773
710 _aUACh. Departamento Parasitología Agrícola
_9164025
901 _aPA TESIS 522
902 _aM
905 _a0000001989 CHA 0000000000 00
910 _a1989
942 _cPARA
942 _cPARA
_d2
999 _c200940
_d200940